书目信息 |
| 题名: |
2003-2009中国优秀建筑师作品集
|
|
| 作者: | 中国建筑工业出版社 出版 | |
| 分册: | ||
| 出版信息: | 中国建筑工业出版社 2009.06 |
|
| 页数: | 207页 | |
| 开本: | 21.5cm | |
| 丛书名: | ||
| 单 册: | ||
| 中图分类: | TU204.131 | |
| 科图分类: | ||
| 主题词: | 建筑设计 | |
| 电子资源: | ||
| ISBN: | 978-7-112-15645-0 | |
| 000 | 00868nam0 2200253 45 | |
| 001 | 1232770383 | |
| 005 | 20120221091707.87 | |
| 010 | @a978-7-112-15645-0@dCNY440.00 | |
| 092 | @aCN@bRCJZ | |
| 100 | @a20111107d2009 ekmy0 y0120 ea | |
| 102 | @aCN@b130000 | |
| 102 | @aCN@b110000 | |
| 105 | @ay z 000yy | |
| 200 | 1 | @a2003-2009中国优秀建筑师作品集@A2003-2009 zhong guo you xiu jian zhu shi zuo pin ji@e实施卷@f中国建筑工业出版社出版@Fzhong guo jian zhu gong ye chu ban she chu ban |
| 210 | @c中国建筑工业出版社@d2009.06 | |
| 210 | @a北京@c中国建筑工业出版社 | |
| 215 | @a207页@d21.5cm | |
| 517 | 1 | @a实施卷@Ashi shi juan |
| 606 | 0 | @a建筑设计 |
| 690 | @aTU204.131@v4 | |
| 701 | 0 | @a中国建筑工业出版社@Azhong guo jian zhu gong ye chu ban she@4出版 |
| 801 | 0 | @aCN@b安徽儒林@c20111107 |
| 905 | @a10447@dTU204.131@eZ567 | |
| 906 | @cRCJZ@dCNY440.00@n2@r1 | |
| 2003-2009中国优秀建筑师作品集:实施卷/中国建筑工业出版社出版.-中国建筑工业出版社,2009.06.-北京:中国建筑工业出版社 |
| 207页;21.5cm |
| ISBN 978-7-112-15645-0:CNY440.00 |
| ● |
| 相关链接 |
|
|
|
正题名:2003-2009中国优秀建筑师作品集
索取号:TU204.131/Z567
 
预约/预借
| 序号 | 登录号 | 条形码 | 馆藏地/架位号 | 状态 | 备注 |
| 1 | 483833 | 204838337 | 建筑库101/101建筑库 111排4列5层/ [索取号:TU204.131/Z567] | 在馆 |